| 000 | 00000nam##2200000za#4500 |
| 001 | 9.693778 |
| 003 | CaOODSP |
| 005 | 20210624233823 |
| 007 | cr ||||||||||| |
| 008 | 150407|2005||||xxc|||||o f|0| 0 eng|d |
| 040 | |aCaOODSP|beng |
| 043 | |an-cn--- |
| 086 | 1 |aET4-3/2005E-PDF |
| 110 | 1 |aCanada.|bOffice of the Ethics Commissioner. |
| 245 | 14|aThe Sgro Inquiry : |h[electronic resource]|bmany shades of grey / |cBernard J. Shapiro, Ethics Commissioner. |
| 260 | |aOttawa - Ontario : |bOffice of the Ethics Commissioner |cJune 2005. |
| 300 | |a60p. |
| 590 | |a10-08-Supp|b2010-10-06 |
| 775 | 08|tL'enquête Sgro : |w(CaOODSP)9.637968 |
| 856 | 40|ahttp://publications.gc.ca|qPDF|s804 KB|uhttps://publications.gc.ca/collections/collection_2010/ccie-ciec/ET4-3-2005-eng.pdf |